00533nam a2200193 a 4500001001300000003000900013005001700022008004100039020002400080082001300104100002100117245005900138260005000197300000900247500003500256505001000291650001700301700002100318nice12345678IN_TiNIC20260116013108.0050524s1995 cama grp 000 0 eng  a0521152 c296000a232bCON aConstable, Giles aThree Studies in Medieval Religious and Social Thought aCambridge bCambridge University Press c1995 a423p aincludes index and biblioraphy2 aIndex aJesus Christ1 aConstable, Giles